000 00779nam a2200205Ii 4500
003 JO-AjNU
008 230605s9999||||xx |||||||||||||| ||und||
040 _aJO-AjNU
_bara
_erda
_cJO-AjNU
041 _aara
050 1 4 _aPJ6106.H56 1900
100 3 _aالهنداوي، خليل؛ عبد الرحمن عطبة؛ فاضل ضياء,
_eauthor
_938212
245 0 0 _aنماذج تطبيقية في الإعراب والبلاغة والعروض والشرح الأدبي
250 _aط3
264 3 1 _aبيروت: مكتبة دار الشرق، 1900
300 _a230ص
336 _atext
_btxt
_2rdacontent
337 _aunmediated
_bn
_2rdamedia
338 _avolume
_bnc
_2rdacarrier
650 4 _aالاعراب-البلاغة-الاملاء-اللغة العربية
_938213
999 _aA16035
_c19603
_d19603